Statystyki dla Domeny internetowe wybranych państw Europy

Kliknij tutaj aby rozwiązać quiz!

Ogólne statystyki

  • Ten quiz został rozwiązany 43 razy
  • Średni wynik to 9 z 13

Statystyki odpowiedzi

HintOdpowiedź% Poprawnych
.alAlbania
87%
.nlHolandia
87%
.skSłowacja
84%
.lvŁotwa
82%
.uaUkraina
82%
.atAustria
79%
.eeEstonia
74%
.hrChorwacja
71%
.seSzwecja
58%
.ieIrlandia
55%
.baBośnia i Hercegowina
53%
.chSzwajcaria
53%
.meCzarnogóra
39%

Rozkład punktacji

Percentyl według liczby udzielonych odpowiedzi

Procent ludzi z każdym wynikiem

Twoja historia wyników

Nie rozwiązałeś tego quizu